Tratat de analiza functionala /

Guardado en:
Autor Principal: Marinescu, Gheorghe.
Formato: Libro
Idioma:Romanian
Publicado: [Bucuresti] : Editura Academiei Republicii Socialiste România, 1970-1972.
Etiquetas: Agregar Etiqueta
Sin Etiquetas, Sea el primero en etiquetar este registro!
LEADER 00736nam a22002055a 4500
001 MAT.inmabb001957
008 040112m19701972rm#######b####000#0#rum#d
005 20170502155741.0
242 0 0 |a Treatise on functional analysis  |y eng 
245 1 0 |a Tratat de analiza functionala /  |c G. Marinescu. 
260 |a [Bucuresti] :  |b Editura Academiei Republicii Socialiste România,  |c 1970-1972. 
300 |a 2 v. ;  |c 25 cm. 
504 |a Bibliografía: v. 1, p. [279]-280; v. 2, p. [364]-367. 
510 4 |a MR,  |c 44 #7246  |3 (v. 1) 
510 4 |a MR,  |c 51 #6337  |3 (v. 2) 
100 1 |a Marinescu, Gheorghe. 
084 |a 46.00  |2 MR 
084 |a 47.00  |2 MR 
859 |h 46  |i M338  |p A-3581  |v I  |3 Vol. 1  |b BIB. MATEMATICA 
859 |h 46  |i M338  |p A-3619  |v II  |3 Vol. 2  |b BIB. MATEMATICA